| 000 | 01064nam a2200313 i 4500 | ||
|---|---|---|---|
| 001 | 000027813 | ||
| 003 | DO-SdBNP | ||
| 005 | 20250613130808.0 | ||
| 007 | ta | ||
| 008 | 110405s1986 dr 000 p spa d | ||
| 040 |
_aDO-SdBNP _bspa _cBNPHU _erda |
||
| 041 | _aspa | ||
| 082 | 4 |
_aRD861.44 _bM878a _222 |
|
| 100 | 1 |
_aMorrison, Mateo, _d1947- _91469 _4aut. _eautor |
|
| 245 | 1 | 0 |
_aAniversario del dolor = Anniversary of pain / _cMateo Morrison ; traducido por Mariela Shaw. |
| 246 | 1 | 1 | _aAnniversary of pain |
| 264 |
_aSanto Domingo : _bGrupo Cultural Orientación, _c1986. |
||
| 300 |
_a32 , 31 páginas ; _c21 cm. |
||
| 336 |
_atexto _btxt _2rdacontent |
||
| 337 |
_asin mediación _bn _2rdamedia |
||
| 338 |
_avolumen _bnc _2rdacarrier |
||
| 563 | _aDos obras paginación independiente en encuadernación invertida | ||
| 590 | _aInventariado, 2018/LP | ||
| 650 | 0 |
_aPoesía dominicana _966 |
|
| 650 | 0 |
_aLiteratura dominicana. _967 |
|
| 700 | 1 | 2 |
_aShaw, Mariela, _etraductor _954884 _4tr. |
| 910 | _aValidado. Control de calidad MFF | ||
| 942 |
_2ddc _cLBS1 |
||
| 999 |
_c27305 _d27305 |
||